000 00571nam a2200193Ia 4500
003 GCL
008 140319s9999 xx 000 0 ara d
040 _aGCL /
_cGCL
082 0 4 _a810.9
_bش م
100 1 _aشوقى ضيف
245 1 0 _aمجمع اللغة العربية فى خمسين عاما 1934_ 1984 /
_cشوقى ضيف
260 _a[S.N] :
_bمجمع اللغة العربية ،
_c1984
300 _a211 ص
490 _a
650 0 4 _aمصر
650 0 4 _aاللغة العربية
650 0 4 _aمجمع اللغة العربية
942 _2ddc
_cBK
999 _c33397
_d33397